ბათუმის შოთა რუსთაველის სახელმწიფო უნივერსიტეტის ბიბლიოთეკა

თხზულებანი 10 ტომად. ტ. 3. დავით აღმაშენებელი : ტეტრალოგია. წ. 3 და 4. (ბიბ.ჩანაწერი № 50209)

000 -LEADER
fixed length control field 00885nam a2200217Ia 4500
001 - CONTROL NUMBER
control field 17147
003 - CONTROL NUMBER IDENTIFIER
control field GE_BSU
008 - FIXED-LENGTH DATA ELEMENTS--GENERAL INFORMATION
fixed length control field 181216s||||||||xx |||||||||||||| ||und||
040 ## - CATALOGING SOURCE
Transcribing agency GE_BSU
080 ## - UNIVERSAL DECIMAL CLASSIFICATION NUMBER
Universal Decimal Classification number 821.353.1 + 821.353.1-31
100 ## - MAIN ENTRY--PERSONAL NAME
Personal name გამსახურდია, კ. (კონსტანტინე, 1891-1975)
245 ## - TITLE STATEMENT
Title თხზულებანი 10 ტომად. ტ. 3. დავით აღმაშენებელი : ტეტრალოგია. წ. 3 და 4.
245 ## - TITLE STATEMENT
Statement of responsibility, etc. რედ. ლ.ნანიტაშვილი
260 ## - PUBLICATION, DISTRIBUTION, ETC.
Place of publication, distribution, etc. თბილისი
260 ## - PUBLICATION, DISTRIBUTION, ETC.
Name of publisher, distributor, etc. საბჭ. საქართველო
260 ## - PUBLICATION, DISTRIBUTION, ETC.
Date of publication, distribution, etc. 1975
300 ## - PHYSICAL DESCRIPTION
Extent 797 გვ. 22 სმ
653 ## - INDEX TERM--UNCONTROLLED
Uncontrolled term დავით აღმაშენებელი : ტეტრალოგია.
653 ## - INDEX TERM--UNCONTROLLED
Uncontrolled term თხზულებანი
942 ## - ADDED ENTRY ELEMENTS (KOHA)
Koha item type წიგნი
ეგზემპლარები
Withdrawn status Lost status Damaged status Not for loan Date acquired Barcode Date last seen Price effective from Koha item type
        2018-12-17 21808 2018-12-17 2018-12-17 წიგნი